000 00982nam a2200253Ia 4500
003 GCL
005 20240530110911.0
008 140319s1965 ua g 000 0 ara d
040 _aGCL /
_cGCL
082 0 4 _a320.09/
_bب ع
100 1 _aبريلر، مارسل
245 1 0 _aعلم السياسة /
_cتاليف مارسيل بريلر ؛ ترجمة احمد حسيب عباس ؛ راجعة على على سليمان
260 _aالقاهرة :
_bدار نهضةمصر للطبع والنشر،
_c1965.
300 _a131 ص. ؛
_c19 سم.
490 0 _aالالف كتاب
650 0 7 _aالسياسة الدولية
_2qrmak
650 0 7 _aالعلاقات الخارجية
_2qrmak
650 0 7 _aالعلوم السياسية
_2qrmak
650 0 7 _aالاحزاب السياسية
_2qrmak
650 0 7 _aالسياسة الداخلية
_2qrmak
700 0 _aاحمد حسيب عباس
_eمترجم
700 0 _aعلى على سليمان
_eمراجع
942 _2ddc
_cBK
999 _c66309
_d66309